LIBRARY & INFORMATION CENTRE, KCAET, TAVANUR

ONLINE PUBLIC ACCESS CATALOGUE (OPAC)

Electronic measurements / (Record no. 1987)

MARC details
000 -LEADER
fixed length control field 00440cam a2200169ua 4500
003 - CONTROL NUMBER IDENTIFIER
control field OSt
008 - FIXED-LENGTH DATA ELEMENTS--GENERAL INFORMATION
fixed length control field 250108b |||||||| |||| 00| 0 eng d
041 ## - LANGUAGE CODE
Language code of text/sound track or separate title eng
082 ## - DEWEY DECIMAL CLASSIFICATION NUMBER
Classification number 621.381548
Item number TER/EL
100 ## - MAIN ENTRY--AUTHOR NAME
Personal name Terman, Frederick Emmons .
245 ## - TITLE STATEMENT
Title Electronic measurements /
250 ## - EDITION STATEMENT
Edition statement 1 /
260 ## - PUBLICATION, DISTRIBUTION, ETC. (IMPRINT)
Place of publication Tokyo :
Name of publisher McGraw Hill Book Company ,
Year of publication 1952.
300 ## - PHYSICAL DESCRIPTION
Number of Pages 707 ; .
700 1# - ADDED ENTRY--PERSONAL NAME
Personal name Pettit, Joseph Mayo .
942 ## - ADDED ENTRY ELEMENTS (KOHA)
Koha item type Books
Holdings
Withdrawn status Lost status Damaged status Home library Current library Date acquired Full call number Accession Number Koha item type
      KAUAET KAUAET 07/04/2012 621.381548 TER/EL 12170 Books
free website counter